<?xml version="1.0" encoding="UTF-8"?>
<record
    xmlns:xsi="http://www.w3.org/2001/XMLSchema-instance"
    xsi:schemaLocation="http://www.loc.gov/MARC21/slim http://www.loc.gov/standards/marcxml/schema/MARC21slim.xsd"
    xmlns="http://www.loc.gov/MARC21/slim">

  <leader>01103cam a22002895a 4500</leader>
  <controlfield tag="001">14354606</controlfield>
  <controlfield tag="003">AUA.1</controlfield>
  <controlfield tag="005">20160209130756.0</controlfield>
  <controlfield tag="008">060426s2006    flu           000 0 eng  </controlfield>
  <datafield tag="010" ind1=" " ind2=" ">
    <subfield code="a">  2006926539</subfield>
  </datafield>
  <datafield tag="020" ind1=" " ind2=" ">
    <subfield code="a">0882701150 (alk. paper)</subfield>
  </datafield>
  <datafield tag="040" ind1=" " ind2=" ">
    <subfield code="a">DLC</subfield>
    <subfield code="c">DLC</subfield>
  </datafield>
  <datafield tag="042" ind1=" " ind2=" ">
    <subfield code="a">pcc</subfield>
  </datafield>
  <datafield tag="050" ind1=" " ind2=" ">
    <subfield code="a">HG 179</subfield>
    <subfield code="b">.D368 2006</subfield>
  </datafield>
  <datafield tag="100" ind1="1" ind2=" ">
    <subfield code="a">Crown Financial Ministries</subfield>
    <subfield code="d">1943-</subfield>
    <subfield code="9">16785</subfield>
  </datafield>
  <datafield tag="245" ind1="1" ind2="0">
    <subfield code="a">Stories of true financial freedom :</subfield>
    <subfield code="b">crown's money map in real lives /</subfield>
    <subfield code="c">Howard Dayton.</subfield>
  </datafield>
  <datafield tag="260" ind1=" " ind2=" ">
    <subfield code="a">Orlando, FL :</subfield>
    <subfield code="b">Bridge-Logos,</subfield>
    <subfield code="c">2006.</subfield>
  </datafield>
  <datafield tag="263" ind1=" " ind2=" ">
    <subfield code="a">0605</subfield>
  </datafield>
  <datafield tag="300" ind1=" " ind2=" ">
    <subfield code="a">xv, 196p.:</subfield>
    <subfield code="b">ill.;</subfield>
    <subfield code="c">22 cm.</subfield>
  </datafield>
  <datafield tag="650" ind1=" " ind2=" ">
    <subfield code="a">Finance, Personal</subfield>
    <subfield code="x">Biblical teaching</subfield>
    <subfield code="9">52620</subfield>
  </datafield>
  <datafield tag="650" ind1=" " ind2=" ">
    <subfield code="a">Finance, Personal</subfield>
    <subfield code="x">Religious aspects</subfield>
    <subfield code="x">Christianity</subfield>
    <subfield code="9">52621</subfield>
  </datafield>
  <datafield tag="700" ind1=" " ind2=" ">
    <subfield code="a">Dayton, Howard</subfield>
    <subfield code="9">19561</subfield>
  </datafield>
  <datafield tag="906" ind1=" " ind2=" ">
    <subfield code="a">0</subfield>
    <subfield code="b">ibc</subfield>
    <subfield code="c">orignew</subfield>
    <subfield code="d">2</subfield>
    <subfield code="e">epcn</subfield>
    <subfield code="f">20</subfield>
    <subfield code="g">y-gencatlg</subfield>
  </datafield>
  <datafield tag="942" ind1=" " ind2=" ">
    <subfield code="2">lcc</subfield>
    <subfield code="c">BOOK</subfield>
    <subfield code="h">HG 179</subfield>
    <subfield code="i">.D368 2006</subfield>
  </datafield>
  <datafield tag="999" ind1=" " ind2=" ">
    <subfield code="c">4669</subfield>
    <subfield code="d">4669</subfield>
  </datafield>
  <datafield tag="952" ind1=" " ind2=" ">
    <subfield code="0">0</subfield>
    <subfield code="1">0</subfield>
    <subfield code="2">lcc</subfield>
    <subfield code="4">0</subfield>
    <subfield code="7">0</subfield>
    <subfield code="8">Books</subfield>
    <subfield code="a">AUA.1</subfield>
    <subfield code="b">AUA.1</subfield>
    <subfield code="c">GS</subfield>
    <subfield code="d">2011-12-06</subfield>
    <subfield code="e">Bought by JTL</subfield>
    <subfield code="g">13.99</subfield>
    <subfield code="h">AUA005493</subfield>
    <subfield code="l">1</subfield>
    <subfield code="o">HG 179 .D368 2006</subfield>
    <subfield code="p">AUA005493</subfield>
    <subfield code="r">2016-08-18 00:00:00</subfield>
    <subfield code="s">2016-08-11</subfield>
    <subfield code="v">13.99</subfield>
    <subfield code="w">2011-12-06</subfield>
    <subfield code="y">BOOK</subfield>
  </datafield>
</record>
